Characters Star Wars Characters Episode 1 - Statistiken

Allgemein
  • Dieses Quiz wurde 378 mal gespielt
  • Das Durchschnittsergebnis liegt bei 7 aus 9
Antwortstatistiken
Schauspieler Characteer % Korrekt
Ewan McGregor Obi-Wan Kenobi
98%
Natalie Portman Padmé Amidala
94%
Samuel L. Jackson Mace Windu
92%
Liam Nesson Qui-Gon Jin
91%
Jake LLyod Anakin Skywalker
88%
Ray Park Darth Maul
74%
Ian Mcdiarmit Der Imperator
71%
Ahmed Best Jar Jar Binks
62%
Keira Knightley Sabé
24%
Keine übereinstimmenden Quizze gefunden
Verteilung der Resultate
Anzahl Personen mit jedem Resultat
Perzentil nach korrekt beantworteten Fragen
Ihre Resultats-Entwicklung
Sie haben dieses Quiz noch nicht gespielt